<?xml version="1.0" encoding="UTF-8"?>
<marc:record xmlns:marc="http://www.loc.gov/MARC21/slim">
   <marc:leader>00000nam a2200000 a 4500</marc:leader>
   <marc:datafield ind1="1" ind2=" " tag="100">
      <marc:subfield code="a">Böhlke, Sonngard</marc:subfield>
   </marc:datafield>
   <marc:datafield ind1="0" ind2="0" tag="245">
      <marc:subfield code="a">Dumbo</marc:subfield>
   </marc:datafield>
   <marc:datafield ind1=" " ind2="1" tag="264">
      <marc:subfield code="a">Berlin</marc:subfield>
      <marc:subfield code="b">Walt Disney Records</marc:subfield>
      <marc:subfield code="c">2018</marc:subfield>
   </marc:datafield>
   <marc:datafield ind1="1" ind2=" " tag="520">
      <marc:subfield code="a">Der Klapperstorch bringt Frau Jumbo endlich den lang ersehnten Nachwuchs. Doch ihr geliebter kleiner Elefant hat eine große Besonderheit, die bei den Zirkustieren und Zuschauern für Lacher sorgt: Seine viel zu groß geratenen Ohren. Zum Glück hat Dumbo mit dem Mäuserich Timotheus einen guten Freund an seiner Seite, der ihm deutlich macht, das Dumbo ein ganz besonderer Elefant ist und ihm hilft, zum Star der Manege zu werden.</marc:subfield>
   </marc:datafield>
   <marc:datafield ind1=" " ind2=" " tag="020">
      <marc:subfield code="a">4251192110572</marc:subfield>
      <marc:subfield code="9">4251192110572</marc:subfield>
   </marc:datafield>
   <marc:datafield ind1="0" ind2=" " tag="490">
      <marc:subfield code="v">0</marc:subfield>
   </marc:datafield>
   <marc:datafield ind1=" " ind2=" " tag="300">
      <marc:subfield code="a">51 Min.</marc:subfield>
   </marc:datafield>
</marc:record>
